1177 1853 1344 1568 1638 1566 1759 1778 1070 1751 1000 1298 1322 1421 1947 1018 1515 1769 1547 1921 1995 1377 1417 1165 1305 1832 1155 1669 1385 1705 1094 1456 1595 1469 1562 1326 1876 1311 1858 1782 1392 1468 1744 1026 1227 1461 1455 1931 1142 1191 1789 1262 1220 1959 1049 1241 1353 1990 1848 1225 1747 1395 1603 1252 1726 1450 1962 1180 1285 1261 1879 1776 1212 1328 1781 1134 1239 1730 1856 1588 1427 1095 1751 1571 1414 1370 1334 1524 1911 1607 1405 1219 1270 1487 1932 1707 1113 1748 1077 BCNSPRNW ULIB Ver.6.0+V

เปลี่ยนเป็นภาษาไทย

Change to English
 แสดงรายละเอียดบรรณานุกรม
  กลับหน้าหลัก

Brief Record : Get Marc (ISO 2709) : E-mail record : QR code < ปิดหน้าต่าง
LEADER : 00000nam 2200000uu 4500
001    13399126181
003     ULIB
008    180703s2557||||th 000 0 tha d
020    ^a9786167902180
060    ^aWT100^bอ858ค
100    ^aอุไรวรรณ ชัยชนะวิโรจน์
245    ^aคู่มือการใช้ยาสำหรับผู้สูงอายุ
260    ^aพิษณุโลก :^bคณะพยาบาลศาสตร์ มหาวิทยาลัยนเรศวร,^c2557
300    ^a13 หน้า;^b19 ซม.
650    ^aผู้สูงอายุ-การใช้ยา
945    ^p0^l0^i26368
945    ^p0^l0^i26369
945    ^p0^l0^i26370
945    ^p0^l0^i26371
945    ^p0^l0^i26372
999    ^aกัณชพร จุลอักษร
รายการนี้ยังไม่มีแท็ก
คุณยังไม่ได้ล็อกอิน คุณสามารถมีกิจกรรมร่วมกับเว็บไซต์ได้ แต่ต้องล็อกอินก่อน ::
  ล็อกอิน

รายการสื่อสารสนเทศ

ลำดับที่ ประเภท เลขเรียก/บาร์โค้ด สถานที่ สถานะ
1. หนังสือสำรอง
หนังสือสำรอง
WT100 อ858ค ฉ.1 
  Barcode: 26368
ห้องสมุดวิทยาเขตนครสวรรค์
►หนังสือทั่วไป:l:General Books
บนชั้น
2. วิทยาศาสตร์การแพทย์ และสุขภาพ
วิทยาศาสตร์การแพทย์ และสุขภาพ
WT100 อ858ค ฉ.2 
  Barcode: 26369
ห้องสมุดวิทยาเขตนครสวรรค์
►หนังสือทั่วไป:l:General Books
บนชั้น
3. วิทยาศาสตร์การแพทย์ และสุขภาพ
วิทยาศาสตร์การแพทย์ และสุขภาพ
WT100 อ858ค ฉ.3 
  Barcode: 26370
ห้องสมุดวิทยาเขตนครสวรรค์
►หนังสือทั่วไป:l:General Books
บนชั้น
4. วิทยาศาสตร์การแพทย์ และสุขภาพ
วิทยาศาสตร์การแพทย์ และสุขภาพ
WT100 อ858ค ฉ.4 
  Barcode: 26371
ห้องสมุดวิทยาเขตนครสวรรค์
►หนังสือทั่วไป:l:General Books
บนชั้น
5. วิทยาศาสตร์การแพทย์ และสุขภาพ
วิทยาศาสตร์การแพทย์ และสุขภาพ
WT100 อ858ค ฉ.5 
  Barcode: 26372
ห้องสมุดวิทยาเขตนครสวรรค์
►หนังสือทั่วไป:l:General Books
บนชั้น

รายการใกล้เคียง
    ชื่อเรื่อง [คู่มือการใช้ยาสำหรับผู้สูงอายุ]

    หัวเรื่อง [ผู้สูงอายุ-การใช้ยา]

BibComment


ยังไม่เคยถูกคอมเมนท์

คอมเมนท์ทรัพยากรรายการนี้
  คอมเมนท์: คู่มือการใช้ยาสำ..


 Copyright 2026. Bcnsprnw @Library